| 000 | 00827nam a2200253 i 4500 | ||
|---|---|---|---|
| 003 | EG-ScBUE | ||
| 005 | 20230216070232.0 | ||
| 008 | 100803s2003 enka f b 00010 eeng d | ||
| 020 | _a1403911355 | ||
| 020 | _a9781403911353 | ||
| 040 |
_aEG-ScBUE _beng _erda _cEG-ScBUE _dEG-ScBUE |
||
| 082 | 0 | 4 |
_a378.170281 _bCOT _222 |
| 100 | 1 |
_aCottrell, Stella, _eauthor. _917037 |
|
| 245 | 1 | 4 |
_aThe study skills handbook / _cStella Cottrell. |
| 250 | _aSecond edition. | ||
| 264 | 1 |
_aHampshire ; _aNew York : _bPalgrave Macmillan, _c2003. |
|
| 300 |
_aVi, 295 pages : _billustrations ; _c24 cm. |
||
| 490 | 0 | _aPalgrave study guides | |
| 504 | _aIncludes bibliographical references and index. | ||
| 650 | 7 |
_aStudy skills _vHandbooks, manuals, etc. _2BUEsh _94924 |
|
| 653 | _bHHUUEENN | ||
| 655 | _vReading book | ||
| 942 |
_2ddc _cBB |
||
| 999 |
_c14598 _d14598 |
||